Elenca la formazione - Quiz n°90 - Statistics

Statistiche generali
  • Questo quiz è stato fatto 51 volte
  • Il punteggio medio è 7 su 11
Statistiche sulle risposte
Ruolo Nazione Calciatore % Corretto
Attaccante Inghilterra Wayne Rooney
93%
Portiere Paesi Bassi Edwin van der Sar
91%
Difensore Serbia Nemanja Vidić
89%
Attaccante Corea del Sud Park Ji-sung
86%
Centrocampista Ecuador Luis Antonio Valencia
82%
Centrocampista Inghilterra Paul Scholes
73%
Centrocampista Inghilterra Michael Carrick
70%
Difensore Irlanda John O'Shea
50%
Difensore Irlanda del Nord Jonny Evans
50%
Difensore Brasile Fábio
39%
Attaccante Inghilterra Michael Owen
23%
Nessun quiz corrispondente trovato
Distribuzione punteggi
Percentuale di utenti per punteggio
Percentile per numero di risposta
I tuoi punteggi nel tempo
Non hai fatto questo quiz